000
00499nam a2200145Ia 4500
008
100204s9999 xx 000 0 und d
082
_b
12131
100
_a
बंड श्याम
245
_a
राजपुत्र हातीमताई
260
_b
"मंगल प्रकाशन , नागपूर"
_c
1989
300
_a
120
630
_a
राजपुत्र हातीमताई
730
_a
राजपुत्र हातीमताई
942
_c
BOOK
999
_c
456564
_d
456561